Clubs ayant le plus de joueurs au Tournoi des Six Nations 2025. - Statistiques

Statistiques générales
  • Ce quiz a été pris 147 fois
  • Le résultat moyen est 8 sur 12
Statistiques - réponses
Joueurs Sélections Clubs % Correct
12 23 Stade toulousain
100%
5 8 Union Bordeaux Bègles
88%
5 10 Stade rochelais
86%
16 32 Leinster
81%
5 8 Munster
67%
7 12 Leicester Tigers
58%
9 14 Saracens
56%
13 19 Glasgow Warriors
54%
10 19 Benetton Trévise
53%
8 15 Edimbourg
46%
7 12 Cardiff rugby
45%
5 8 Harlequins
39%
Aucun quiz correspondant
Distribution des résultats
% des personnes avec chaque résultat
Percentile par nombre de réponses
Votre historique - résultats
Vous n’avez pas pris ce quiz